Αθήνα - Κωνσταντινούπολη : συγκριτική μελέτη τουριστικής κίνησης
Saved in:
| Corporate Authors: | , , |
|---|---|
| Format: | Book |
| Language: | Greek |
| Published: |
[χ.τ.] :
Σύνδεσμος Ελληνικών Τουριστικών Επιχειρήσεων,
[χ.χ.]
|
| Subjects: | |
| Tags: |
Add Tag
No Tags, Be the first to tag this record!
|
MARC
| LEADER | 00000cam a2200000 i 4500 | ||
|---|---|---|---|
| 001 | 1/22911 | ||
| 008 | 011029s gre d | ||
| 035 | |l 10067564 | ||
| 040 | |a GR-MY-UA |b gre |e aacr | ||
| 041 | 0 | |a gre | |
| 082 | 0 | |a 338.4791495 | |
| 110 | 2 | |a Σύνδεσμος Ελληνικών Τουριστικών Επιχειρήσεων |b Συμβούλιο Ιδεών και Δράσης (ΣΙΔ) | |
| 245 | 1 | 0 | |a Αθήνα - Κωνσταντινούπολη : |b συγκριτική μελέτη τουριστικής κίνησης / |c Σύνδεσμος Ελληνικών Τουριστικών Επιχειρήσεων. Συμβούλιο Ιδεών και Δράσης (ΣΙΔ); Turkish Tourism Investors Association ; χορηγός: Aegean Airlines |
| 260 | |a [χ.τ.] : |b Σύνδεσμος Ελληνικών Τουριστικών Επιχειρήσεων, |c [χ.χ.] | ||
| 300 | |a 27σ. | ||
| 650 | 0 | 0 | |a Tourism |z Turkey |z Istanbul. |
| 650 | 0 | 0 | |a Tourism |z Greece |z Athens. |
| 710 | 2 | |a Turkish Tourism Investors Association. | |
| 710 | 2 | |a Aegean Airlines. |4 f | |
| 852 | |a INST |b CHIOS |e 20011029 |h 338.4791495 ΣΥΝ |p 005200020842 |q 005200020842 |t BK |y 0 | ||
| 901 | |a BIBL2-2001-3 | ||
| 909 | |a Χ |b 098260 | ||
| 970 | |a ΣΑΛΑΜΟΥΡΑ |b ΜΑΡΙΑ |z 2001/10/29 | ||